| 000 | 00516cam a22001697i 4500 | ||
|---|---|---|---|
| 020 | _a9781786762047 (hbk.) | ||
| 020 | _a1786762048 (hbk.) | ||
| 040 | _cEYM | ||
| 082 | 0 | 4 | _a630 BUR 2019 A007 Or. |
| 245 | 0 | 0 | _aPrecision agriculture for sustainability / |
| 300 |
_axix, 494 pages : _billustrations (some color), charts ; _c24 cm. |
||
| 490 | 0 | _aBurleigh Dodds series in agricultural science ; | |
| 650 | 0 | _aSustainable agriculture. | |
| 650 | 0 | _aPrecision farming. | |
| 700 | 1 | _aStafford, John, | |
| 942 | _cAEDBB | ||
| 999 |
_c20813 _d20813 |
||